000 005470000a22001810004500
003 MACL
005 20160226160120.0
008 160226b xxu||||| |||| 00| 0 eng d
040 _aMACL
_cMACL
041 _aHindi
082 _a800
100 _aसिलाकारी पं. लोकनाथ्‍ा दिवेदी
_940737
245 _aबिहारी दर्शन
260 _bराष्‍ट्रीय प्रकाशन
_aपटना
350 _a5
650 _aLiterature
_940738
942 _cHIN
_k800
_2ddc
999 _c22986
_d22986